01595nas a2200241Ia 4500001001100000003001000011008004100021040002500062041001300087100002900100210001700129222001700146245006400163250001100227260005100238300001100289310001200300362003500312500043400347501011400781520043400895650002401329R235-R2395IT-CnALBA170116c99999999xx |||||||||||| ||und|| aIT-CnALBAcIT-CnALBA aITALIANO aAMORTH D. GABRIELE, SSP. aMADRE DI DIO aMADRE DI DIO 0aMADRE DI DIO. N. V. ANNO LV. MAGGIO 1987. MENSILE MARIANO.  a1a ed. aCINISELLO BALSAMO (MI)bEDIZIONI PAOLINEc1987 a36 p.  aMENSILE aFascicolo: 5 / Anno: 55 (1987) aPRESENZA DI MARIA. MAMMA ENRICHETTA. SOMIGLIANZA CON DIO, DONO. FEDE E DEVOZIONE. RUM A. FATTI E PERSONE, ROSARIO DEL PAPA. PASQUA VITA DELL'UOMO. PIERACCINI M. ANNO MARIANO ED EVANGELIZZAZIONE UGENTI A. ENCICLICA REDEMPTORIS MATER, MADRE DEL REDENTORE. S. AMBROGIO PADRE DELLA MARIOLOGIA OCCIDENTALE. GAMBERO L. L'ATTRICE ULLA JACOBSSON CONVERSIONE AL CATTOLICESIMO, PELLEGRINA A LOURDES. MADONNA DI S. MARCO, ROMA. GUGLIARA A.  aSocietà San Paolo EM - Piazza San Paolo, 14 - 12051 ALBA (CN) (non commercial uses only) ® Copyright 2017 aPRESENZA DI MARIA. MAMMA ENRICHETTA. SOMIGLIANZA CON DIO, DONO. FEDE E DEVOZIONE. RUM A. FATTI E PERSONE, ROSARIO DEL PAPA. PASQUA VITA DELL'UOMO. PIERACCINI M. ANNO MARIANO ED EVANGELIZZAZIONE UGENTI A. ENCICLICA REDEMPTORIS MATER, MADRE DEL REDENTORE. S. AMBROGIO PADRE DELLA MARIOLOGIA OCCIDENTALE. GAMBERO L. L'ATTRICE ULLA JACOBSSON CONVERSIONE AL CATTOLICESIMO, PELLEGRINA A LOURDES. MADONNA DI S. MARCO, ROMA. GUGLIARA A.  aANGELI SANTI DEMONI